00325nam a2200121Ia 4500008004100000041000800041082001700049100002200066245004400088260002600132300003400158365001100192240624s9999 xx 000 0 und d aeng a658.4092 KHA aKHANDELWAL ANIL K aDARE TO LEAD THE TRANSFORMATION OF BANK c2011aNew DelhibSage axxviii, : 409 : p. : cm. ; 24 cRSb38